1 Corinthians : (Record no. 9675)

MARC details
000 -LEADER
fixed length control field 01401cam a2200385 i 4500
001 - CONTROL NUMBER
control field 18506384
003 - CONTROL NUMBER IDENTIFIER
control field GBCCL
005 - DATE AND TIME OF LATEST TRANSACTION
control field 20241126110716.0
008 - FIXED-LENGTH DATA ELEMENTS--GENERAL INFORMATION
fixed length control field 150225s2015 ilu b 001 0 eng
010 ## -
-- 2015007840
020 ## - INTERNATIONAL STANDARD BOOK NUMBER
International Standard Book Number 9781433512001 (hc)
020 ## - INTERNATIONAL STANDARD BOOK NUMBER
International Standard Book Number 1433512009 (hc)
020 ## - INTERNATIONAL STANDARD BOOK NUMBER
Canceled/invalid ISBN 9781433512018 (PDF)
020 ## - INTERNATIONAL STANDARD BOOK NUMBER
Canceled/invalid ISBN 9781433512025 (Mobipocket)
020 ## - INTERNATIONAL STANDARD BOOK NUMBER
Canceled/invalid ISBN 978143523960 (ePub)
040 ## - CATALOGING SOURCE
Original cataloging agency DLC
Language of cataloging eng
Transcribing agency DLC
Description conventions rda
Modifying agency DLC
042 ## -
-- pcc
050 00 -
-- BS2675.53
-- .U4 2015
082 00 - DEWEY DECIMAL CLASSIFICATION NUMBER
Classification number 220.7
-- 227/.207
Edition information 23
Item number PRE
100 1# - MAIN ENTRY--PERSONAL NAME
Personal name Um, Stephen T.,
Relator term author.
9 (RLIN) 15614
245 10 - TITLE STATEMENT
Title 1 Corinthians :
Remainder of title the word of the cross /
Statement of responsibility, etc. Stephen T. Um.
246 3# -
-- One Corinthians
264 #1 - PRODUCTION, PUBLICATION, DISTRIBUTION, MANUFACTURE, AND COPYRIGHT NOTICE
Place of production, publication, distribution, manufacture Wheaton, Illinois :
Name of producer, publisher, distributor, manufacturer Crossway,
Date of production, publication, distribution, manufacture, or copyright notice [2015]
300 ## - PHYSICAL DESCRIPTION
Extent 366 pages ;
Dimensions 24 cm.
336 ## - CONTENT TYPE
Content type term text
Content type code txt
Source rdacontent
337 ## - MEDIA TYPE
Media type term unmediated
Media type code n
Source rdamedia
338 ## - CARRIER TYPE
Carrier type term volume
Carrier type code nc
Source rdacarrier
490 0# - SERIES STATEMENT
Series statement Preaching the word
504 ## - BIBLIOGRAPHY, ETC. NOTE
Bibliography, etc. note Includes bibliographical references and index.
630 00 - SUBJECT ADDED ENTRY--UNIFORM TITLE
Uniform title Bible.
Name of part/section of a work Corinthians, 1st
Form subdivision Commentaries.
9 (RLIN) 13584
776 08 - ADDITIONAL PHYSICAL FORM ENTRY
Relationship information Online version:
Main entry heading Um, Stephen T.
Title 1 Corinthians
Place, publisher, and date of publication Wheaton, Illinois : Crossway, [2015]
International Standard Book Number 9781433512018
Record control number (DLC) 2015009195
906 ## - LOCAL DATA ELEMENT F, LDF (RLIN)
a 7
b cbc
c orignew
d 1
e ecip
f 20
g y-gencatlg
942 ## - ADDED ENTRY ELEMENTS (KOHA)
Source of classification or shelving scheme Dewey Decimal Classification
Koha item type Reference Books
Holdings
Withdrawn status Lost status Source of classification or shelving scheme Damaged status Not for loan Home library Current Library Shelving location Date acquired Total checkouts Full call number Barcode Date last seen Copy number Price effective from Koha item type
    Dewey Decimal Classification     GRACE BIBLE COLLEGE GRACE BIBLE COLLEGE Commentary 2023-04-19   220.7 PRE 016235 2025-05-01 v.25 2023-04-19 Reference Books
© Grace Bible College Library 2025